|
|
|
|
| LEADER |
01272nam a2200313 a 4500 |
| 001 |
13988776 |
| 008 |
100209s2006 ohua 001 0 eng d |
| 010 |
|
|
|a \\2005276574
|
| 020 |
|
|
|a 0538439211 (Student ed. with CD : pbk.)
|
| 020 |
|
|
|a 0538971827 (Student ed.)
|
| 020 |
|
|
|a 0538729031
|
| 020 |
|
|
|a 053843922x
|
| 040 |
|
|
|a DLC
|c DLC
|d DLC
|d BD-DhAAL
|
| 082 |
0 |
0 |
|a 658.1/1
|2 22
|
| 100 |
1 |
|
|a Moorman, Jerry W.
|
| 245 |
1 |
0 |
|a Successful business planning for entrepreneurs /
|c Jerry W. Moorman, James W. Halloran.
|
| 260 |
|
|
|a Mason, Ohio :
|b Thomson/South-Western,
|c c2006.
|
| 300 |
|
|
|a xii, 403 p. :
|b col. ill. ;
|c 28 cm.
|
| 504 |
|
|
|a Includes index.
|
| 541 |
1 |
|
|e 00014775
|
| 650 |
|
0 |
|a New business enterprises
|x Management.
|
| 650 |
|
0 |
|a Small business
|x Management.
|
| 650 |
|
0 |
|a Business planning.
|
| 650 |
|
0 |
|a Entrepreneurship.
|
| 700 |
1 |
|
|a Halloran, James W.
|
| 852 |
4 |
|
|a Ayesha Abed Library
|j General Shelf
|
| 999 |
|
|
|c 7415
|d 7415
|
| 952 |
|
|
|0 0
|1 0
|2 ddc
|4 0
|6 658_110000000000000_MOO_2006
|7 0
|9 7939
|a BRACUL
|b BRACUL
|c GEN
|d 2010-02-09
|l 8
|m 24
|o 658.11 MOO
|p 3010014775
|r 2023-10-16
|s 2023-10-07
|t 1
|w 2010-02-09
|y BK
|
| 952 |
|
|
|0 0
|1 0
|2 ddc
|4 0
|6 658_100000000000000_1_MOO_2006
|7 0
|9 62229
|a BRACUL
|b BRACUL
|c AV
|d 2010-02-09
|l 0
|o 658.11 MOO
|p 4010014775
|r 2017-12-07
|t 1
|w 2010-02-09
|y AV
|